[Event "Pere Noel"]
[Site "Montreal CAN"]
[Date "2005.12.28"]
[Round "3"]
[White "Kraiouchkine, Nikita"]
[Black "Benoit-Deschamps, Jean-Marc"]
[Result "1-0"]
[WhiteElo "2072"]
[BlackElo "2050"]
[PlyCount "127"]
[EventDate "2005.12.26"]
[EventType "swiss"]
[EventRounds "5"]
[EventCountry "CAN"]

1. e4 c5 2. Nf3 d6 3. d4 cxd4 4. Nxd4 Nf6 5. Nc3 g6 6. Bg5 Bg7 7. Qd2 Nc6 8.
Nb3 O-O 9. Be2 Be6 10. Rd1 a6 11. a4 Rc8 12. Bh6 Re8 13. Bxg7 Kxg7 14. Nd4 Nxd4
15. Qxd4 Qc7 16. f4 Qc5 17. h3 Qxd4 18. Rxd4 Rc7 19. g4 Rec8 20. Kf2 Bc4 21.
Bf3 b5 22. axb5 axb5 23. Kg3 Ra7 24. b3 b4 25. Na4 Be6 26. Rh2 Rb8 27. Rhd2 Bd7
28. Nb2 Ra2 29. Nd3 Rc8 30. Nxb4 Rb2 31. e5 Ne8 32. Be4 Be6 33. R4d3 dxe5 34.
fxe5 f5 35. gxf5 gxf5 36. Bf3 Kg6 37. Rd8 Rxd8 38. Rxd8 Ng7 39. Rd1 Nh5+ 40.
Bxh5+ Kxh5 41. Kf4 Kh4 42. Rc1 Bc8 43. Rg1 e6 44. Rg8 Ba6 45. Nxa6 Rxc2 46. b4
Rc4+ 47. Kf3 Re4 48. b5 Rxe5 49. b6 Rb5 50. Rb8 e5 51. b7 e4+ 52. Kf4 h5 53.
Nc5 Rxc5 54. Rc8 Rb5 55. b8=Q Rxb8 56. Rxb8 Kxh3 57. Kxf5 Kg2 58. Kxe4 h4 59.
Rg8+ Kf2 60. Rh8 Kg3 61. Ke3 h3 62. Rg8+ Kh2 63. Kf2 Kh1 64. Rg1+ 1-0

[Event "Pere Noel"]
[Site "Montreal CAN"]
[Date "2005.12.29"]
[Round "4"]
[White "Kraiouchkine, Nikita"]
[Black "Hajiyev, Elshad"]
[Result "1-0"]
[WhiteElo "2150"]
[BlackElo "2072"]
[PlyCount "153"]
[EventDate "2005.12.26"]
[EventType "swiss"]
[EventRounds "5"]
[EventCountry "CAN"]

1. e4 c5 2. Nf3 Nc6 3. d4 cxd4 4. Nxd4 Nf6 5. Nc3 e5 6. Ndb5 d6 7. Bg5 a6 8.
Na3 Be6 9. Nc4 Rc8 10. Ne3 Be7 11. Bxf6 Bxf6 12. Ncd5 Bg5 13. Nc4 Nd4 14. c3
Bxd5 15. exd5 Nb5 16. a4 Na7 17. Qg4 O-O 18. h4 Bh6 19. Bd3 f5 20. Bxf5 Rxf5
21. Nxd6 Qxd6 22. Qxf5 Qxd5 23. Rd1 Qc4 24. Rh3 Rf8 25. Qd3 Qxd3 26. Rhxd3 Nc6
27. Rd7 e4 28. Rxb7 Ne5 29. Ke2 Ng4 30. Rf1 Rd8 31. Rd1 Rxd1 32. Kxd1 Nxf2+ 33.
Ke2 Nd3 34. Re7 Nc5 35. a5 Kf8 36. Re5 Nb3 37. Rxe4 Nxa5 38. Ra4 Nb3 39. Rxa6
Nc1+ 40. Kd1 Nd3 41. b4 Ke7 42. Rc6 Kd7 43. b5 Bf4 44. Ra6 Be5 45. Kd2 Nc5 46.
Rc6 Nb7 47. Kd3 h5 48. c4 Bf6 49. c5 Bxh4 50. Kd4 Be7 51. Kd5 g5 52. Rh6 Nxc5
53. Rxh5 Ne6 54. Rh7 Nd8 55. Ke5 Nb7 56. b6 Nd6 57. Kd5 Nb7 58. g4 Na5 59. Rg7
Nb7 60. Rh7 Nd6 61. Kc5 Nf5+ 62. Kb5 Nd4+ 63. Ka6 Nc6 64. Kb7 Nd8+ 65. Ka8 Ke6
66. b7 Nc6 67. b8=Q Nxb8 68. Kxb8 Bd6+ 69. Kb7 Ke5 70. Kc6 Ba3 71. Rh1 Kf4 72.
Rg1 Kf3 73. Kd5 Bb4 74. Ke5 Bd2 75. Kf5 Bf4 76. Rh1 Kg3 77. Rh5 1-0

[Event "Pere Noel"]
[Site "Montreal CAN"]
[Date "2005.12.30"]
[Round "5"]
[White "Masse, Hugues"]
[Black "Kraiouchkine, Nikita"]
[Result "1-0"]
[WhiteElo "2291"]
[BlackElo "2072"]
[PlyCount "131"]
[EventDate "2005.12.26"]
[EventType "swiss"]
[EventRounds "5"]
[EventCountry "CAN"]

1. d4 d5 2. c4 e6 3. Nc3 Nf6 4. Nf3 Bb4 5. cxd5 exd5 6. Qc2 c5 7. dxc5 Qa5 8.
Bd2 Nc6 9. e3 Qxc5 10. a3 Bxc3 11. Bxc3 Ne4 12. Rc1 Nxc3 13. b4 Qd6 14. Qxc3
O-O 15. b5 Nd8 16. Be2 Bd7 17. O-O Rc8 18. Qb2 Ne6 19. Rcd1 Nc5 20. Qe5 Qxe5
21. Nxe5 Be6 22. Nf3 Ne4 23. Rc1 b6 24. Nd4 Bd7 25. f3 Nd6 26. Rfd1 Nc4 27. Rc3
Rc5 28. Bxc4 Rxc4 29. Rxc4 dxc4 30. Nc6 Bxc6 31. bxc6 c3 32. Kf2 c2 33. Rc1 Rc8
34. Rxc2 Kf8 35. e4 Ke7 36. e5 Ke6 37. f4 Kd5 38. c7 Ke6 39. Ke3 Kd7 40. Kd4
Rxc7 41. Rxc7+ Kxc7 42. Kd5 Kd7 43. f5 g6 44. fxg6 fxg6 45. g3 g5 46. g4 a6 47.
e6+ Ke7 48. Kc6 Kxe6 49. Kxb6 Ke5 50. Kxa6 Kf4 51. Kb5 Kxg4 52. a4 Kh3 53. a5
Kxh2 54. a6 h5 55. a7 h4 56. a8=Q g4 57. Qa2+ Kh3 58. Qe6 Kg3 59. Qe1+ Kh3 60.
Kc4 g3 61. Qf1+ g2 62. Qg1 Kg3 63. Kd3 h3 64. Ke3 h2 65. Qf2+ Kh3 66. Qf3+ 1-0

[Event "Benefice Myriam Roy"]
[Site "Varennes CAN"]
[Date "2005.12.02"]
[Round "1"]
[White "Kraiouchkine, Nikita"]
[Black "Ye, Ling Feng"]
[Result "0-1"]
[WhiteElo "1844"]
[BlackElo "2090"]
[PlyCount "98"]
[EventDate "2005.12.02"]
[EventType "swiss"]
[EventRounds "5"]
[EventCountry "CAN"]

1. e4 c5 2. c3 Nf6 3. e5 Nd5 4. d4 cxd4 5. Nf3 e6 6. cxd4 Nc6 7. Bd3 d6 8. O-O
Ndb4 9. Be2 dxe5 10. dxe5 Qxd1 11. Bxd1 Nd3 12. Nc3 Be7 13. Bc2 Ndxe5 14. Nxe5
Nxe5 15. Nb5 O-O 16. Bf4 Nc6 17. Be4 e5 18. Be3 a6 19. Nc7 Rb8 20. Rfd1 f5 21.
Bd5+ Kh8 22. Bb6 f4 23. Rac1 Bg4 24. f3 Bf5 25. a4 a5 26. Be6 Bxe6 27. Nxe6 Rf6
28. Nc5 Nd4 29. Bc7 Rc8 30. Bxe5 Ne2+ 31. Kf1 Nxc1 32. Bxf6 gxf6 33. Nxb7 Nb3
34. Rd7 Bb4 35. Nd6 Bxd6 36. Rxd6 Kg7 37. Rb6 Nc5 38. b3 Re8 39. Rb5 Nd3 40. g3
fxg3 41. hxg3 Re5 42. Rxe5 fxe5 43. Ke2 Nc5 44. b4 axb4 45. a5 Kf6 46. Ke3 h5
47. Ke2 Kf5 48. Ke3 b3 49. Kd2 e4 0-1

[Event "Benefice Myriam Roy"]
[Site "Varennes CAN"]
[Date "2005.12.03"]
[Round "3"]
[White "Le Duin, Thierry"]
[Black "Kraiouchkine, Nikita"]
[Result "1-0"]
[WhiteElo "2157"]
[BlackElo "1844"]
[PlyCount "71"]
[EventDate "2005.12.02"]
[EventType "swiss"]
[EventRounds "5"]
[EventCountry "CAN"]

1. d4 d5 2. Nf3 e6 3. c3 c5 4. Bg5 Nf6 5. e3 Nc6 6. Nbd2 Be7 7. Bd3 O-O 8. Ne5
Qc7 9. f4 c4 10. Bc2 h6 11. h4 Rd8 12. g4 Kf8 13. Bxf6 gxf6 14. Nxc6 bxc6 15.
g5 f5 16. Qh5 Ke8 17. Qxh6 Bb7 18. Nf3 Bd6 19. Ne5 Bxe5 20. fxe5 Kd7 21. Qg7
Kc8 22. h5 Ba6 23. h6 Kb7 24. h7 Rh8 25. Rh6 c5 26. Rf6 Raf8 27. Ba4 Kb8 28.
Qh6 Qe7 29. O-O-O Kc7 30. Qg7 Kd8 31. Rh1 Bc8 32. g6 cxd4 33. exd4 f4 34. Rxf7
Rxf7 35. gxf7 f3 36. Qxh8+ 1-0

[Event "Benefice Myriam Roy"]
[Site "Varennes CAN"]
[Date "2005.12.04"]
[Round "4"]
[White "Kraiouchkine, Nikita"]
[Black "Trottier, Alain"]
[Result "1-0"]
[WhiteElo "1844"]
[BlackElo "1940"]
[PlyCount "95"]
[EventDate "2005.12.02"]
[EventType "swiss"]
[EventRounds "5"]
[EventCountry "CAN"]

1. e4 c6 2. d4 d5 3. exd5 cxd5 4. c4 Nf6 5. Nc3 e6 6. Nf3 Bb4 7. Qb3 Nc6 8. c5
Ne4 9. Bf4 Qa5 10. Rc1 Nxc5 11. dxc5 d4 12. a3 Bxc5 13. Qb5 dxc3 14. Qxa5 Nxa5
15. b4 Bb6 16. bxa5 Bxa5 17. Be5 O-O 18. Bxc3 Bb6 19. Bb5 a6 20. Ba4 Rd8 21.
Ke2 f6 22. Rhd1 Kf7 23. Rxd8 Bxd8 24. Bd4 e5 25. Bb3+ Ke8 26. Be3 Be7 27. a4 g5
28. Rc7 h5 29. Bd5 Rb8 30. Nd2 h4 31. Nc4 b5 32. Ba7 Bg4+ 33. f3 Rd8 34. Bc6+
Bd7 35. Rxd7 bxc4 36. Rd4+ Kf8 37. Rxd8+ Bxd8 38. Bc5+ Kg7 39. Bb7 a5 40. Bd5
f5 41. Bxc4 Kf6 42. Kd3 Bc7 43. h3 Bd8 44. Bd5 Be7 45. Bxe7+ Kxe7 46. Kc4 Kd6
47. Ba8 Ke6 48. Kc5 1-0

[Event "Benefice Myriam Roy"]
[Site "Varennes CAN"]
[Date "2005.12.04"]
[Round "5"]
[White "Kraiouchkine, Nikita"]
[Black "Rainton, Jean-Pierre"]
[Result "1/2-1/2"]
[WhiteElo "1844"]
[BlackElo "1678"]
[PlyCount "53"]
[EventDate "2005.12.02"]
[EventType "swiss"]
[EventRounds "5"]
[EventCountry "CAN"]

1. e4 e6 2. d4 d5 3. e5 c5 4. c3 Nc6 5. Nf3 Qb6 6. a3 Nge7 7. b4 cxd4 8. cxd4
Nf5 9. Be3 Be7 10. Nbd2 Nxe3 11. fxe3 f6 12. b5 Na5 13. Bd3 f5 14. O-O O-O 15.
a4 Bd7 16. Nb3 Nxb3 17. Qxb3 Qa5 18. Rfc1 Rfc8 19. Kf2 Rc7 20. Rxc7 Qxc7 21.
Ra2 Rc8 22. Rc2 Qa5 23. Ke2 Kf7 24. h3 a6 25. bxa6 Rxc2+ 26. Bxc2 Qxa6+ 27. Qd3
1/2-1/2

[Event "Sicotte II"]
[Site "Montreal CAN"]
[Date "2005.10.26"]
[Round "1"]
[White "Kraiouchkine, Nikita"]
[Black "Marcone, Malcom"]
[Result "1-0"]
[WhiteElo "1866"]
[BlackElo "2015"]
[PlyCount "97"]
[EventDate "2005.10.27"]
[EventType "tourn"]
[EventRounds "5"]
[EventCountry "CAN"]

1. e4 e6 2. d4 d5 3. e5 c5 4. c3 Nc6 5. Nf3 Qb6 6. a3 Nh6 7. b4 cxd4 8. cxd4
Nf5 9. Be3 Bd7 10. Nbd2 a5 11. b5 Nd8 12. a4 Rc8 13. Rc1 Rxc1 14. Qxc1 Bb4 15.
Bd3 O-O 16. O-O f6 17. Nb3 Nf7 18. exf6 gxf6 19. Bxf5 exf5 20. Nc5 Bc8 21. Bd2
Nd6 22. Bxb4 axb4 23. Qb2 Qa5 24. Qb3 Nc4 25. Nd3 f4 26. Qxb4 Qxb4 27. Nxb4 Bg4
28. Nxd5 Bxf3 29. gxf3 Nd2 30. Rd1 Nxf3+ 31. Kg2 Nh4+ 32. Kf1 f3 33. a5 Ra8 34.
Ra1 Nf5 35. Ra4 Rd8 36. a6 bxa6 37. bxa6 Rxd5 38. a7 Rd8 39. a8=Q Rxa8 40.
Rxa8+ Kf7 41. Ra7+ Ke6 42. Rxh7 Nxd4 43. Ke1 Kf5 44. Rg7 Ne6 45. Rg3 Kf4 46. h4
Nd4 47. h5 Nf5 48. Rg6 Nh4 49. Kd2 1-0

[Event "Sicotte II"]
[Site "Montreal CAN"]
[Date "2005.11.02"]
[Round "2"]
[White "Bolduc, Steve"]
[Black "Kraiouchkine, Nikita"]
[Result "1-0"]
[WhiteElo "2307"]
[BlackElo "1866"]
[PlyCount "71"]
[EventDate "2005.10.27"]
[EventType "tourn"]
[EventRounds "5"]
[EventCountry "CAN"]

1. d4 d5 2. c4 e6 3. Nc3 Nf6 4. Nf3 Bb4 5. Bg5 Nbd7 6. cxd5 exd5 7. e3 c5 8.
Bd3 c4 9. Bf5 Nc5 10. dxc5 Bxf5 11. Qa4+ Bd7 12. Qxb4 Bc6 13. Nd4 O-O 14. O-O
Qd7 15. Bxf6 gxf6 16. Rad1 Kh8 17. Nce2 Rg8 18. Qc3 Qh3 19. Ng3 Qd7 20. Nxc6
Qxc6 21. Rd4 Qxc5 22. Rfd1 Rad8 23. e4 Qe7 24. Rxd5 b5 25. Rxd8 Rxd8 26. Rxd8+
Qxd8 27. h3 Kg7 28. Nf5+ Kh8 29. Qg3 Qf8 30. Qh4 Kg8 31. Qxf6 h6 32. Nxh6+ Kh7
33. Nf5 a5 34. Qe5 b4 35. Qxa5 f6 36. Qc7+ 1-0

[Event "Sicotte II"]
[Site "Montreal CAN"]
[Date "2005.11.09"]
[Round "3"]
[White "Kraiouchkine, Nikita"]
[Black "Malveau, Cedric"]
[Result "0-1"]
[WhiteElo "1866"]
[BlackElo "1942"]
[PlyCount "64"]
[EventDate "2005.10.27"]
[EventType "tourn"]
[EventRounds "5"]
[EventCountry "CAN"]

1. e4 c5 2. c3 d5 3. exd5 Qxd5 4. d4 Nf6 5. Nf3 Bg4 6. Be2 e6 7. O-O Be7 8. Be3
cxd4 9. cxd4 a6 10. Nc3 Qd6 11. Rc1 O-O 12. Qb3 Nc6 13. Rfd1 Qb4 14. Qxb4 Nxb4
15. Bc4 Rac8 16. Bb3 Nfd5 17. a3 Nxc3 18. Rxc3 Rxc3 19. bxc3 Nd5 20. Bxd5 exd5
21. Rb1 b5 22. a4 bxa4 23. Ne5 Bf5 24. Rb6 Ra8 25. Nc6 Bf8 26. Bc1 Bd3 27. Nb4
Bc4 28. Nc2 Re8 29. Ne3 a3 30. Rb1 a2 31. Ra1 Rb8 32. Nxc4 Rb1 0-1

[Event "Sicotte II"]
[Site "Montreal CAN"]
[Date "2005.11.16"]
[Round "4"]
[White "Gilman, Arkadiy"]
[Black "Kraiouchkine, Nikita"]
[Result "0-1"]
[WhiteElo "2143"]
[BlackElo "1866"]
[PlyCount "76"]
[EventDate "2005.10.27"]
[EventType "tourn"]
[EventRounds "5"]
[EventCountry "CAN"]

1. d4 d5 2. c4 e6 3. Nc3 Nf6 4. Bg5 Nbd7 5. Nf3 Bb4 6. Qc2 c5 7. cxd5 exd5 8.
dxc5 Nxc5 9. Bd2 O-O 10. e3 Be6 11. Rc1 Rc8 12. Be2 Nce4 13. Qa4 Qa5 14. Qxa5
Bxa5 15. O-O Nxc3 16. Bxc3 Bxc3 17. Rxc3 Rxc3 18. bxc3 Rc8 19. Rb1 b6 20. Nd4
Rxc3 21. Kf1 Ne4 22. Ke1 Ra3 23. Rb2 Nc3 24. Rb3 Rxb3 25. axb3 Nxe2 26. Kxe2
Bd7 27. Kd3 Kf8 28. Nf3 f6 29. Kd4 Bc6 30. Ne1 Ke7 31. Nd3 Kd6 32. h4 a5 33. g3
g5 34. h5 h6 35. g4 Bd7 36. f3 f5 37. Ne5 fxg4 38. fxg4 Be6 0-1

[Event "Sicotte II"]
[Site "Montreal CAN"]
[Date "2005.11.23"]
[Round "5"]
[White "Kraiouchkine, Nikita"]
[Black "Boudreau, Daniel"]
[Result "1-0"]
[WhiteElo "1866"]
[BlackElo "1984"]
[PlyCount "41"]
[EventDate "2005.10.27"]
[EventType "tourn"]
[EventRounds "5"]
[EventCountry "CAN"]

1. e4 d6 2. d4 Nf6 3. Nc3 g6 4. Bg5 Bg7 5. Qd2 h6 6. Bf4 Nbd7 7. O-O-O c5 8.
dxc5 Nxc5 9. e5 Nfe4 10. Nxe4 Nxe4 11. Qd4 Nc5 12. Qb4 a5 13. Bb5+ Kf8 14. Qxc5
Bf5 15. exd6 Kg8 16. Qc7 e5 17. Qxd8+ Rxd8 18. Be3 Kh7 19. Bb6 Rc8 20. c4 h5
21. b3 1-0

[Event "Sicotte II"]
[Site "Montreal CAN"]
[Date "2005.11.30"]
[Round "6"]
[White "Libersan, Thierry"]
[Black "Kraiouchkine, Nikita"]
[Result "0-1"]
[WhiteElo "2139"]
[BlackElo "1866"]
[PlyCount "82"]
[EventDate "2005.10.27"]
[EventType "tourn"]
[EventRounds "5"]
[EventCountry "CAN"]

1. d4 d5 2. Nf3 e6 3. c4 Nf6 4. Bg5 Nbd7 5. e3 Bb4+ 6. Nbd2 c5 7. cxd5 exd5 8.
a3 Bxd2+ 9. Qxd2 c4 10. Ne5 h6 11. Nxd7 Bxd7 12. Bxf6 Qxf6 13. Qb4 Qc6 14. a4
a5 15. Qa3 Qb6 16. Be2 Qb4+ 17. Qc3 Bxa4 18. Qxb4 axb4 19. Bf3 Ke7 20. Kd2 Bc6
21. g4 b6 22. Bg2 Rxa1 23. Rxa1 Ra8 24. Rxa8 Bxa8 25. f3 Kd6 26. e4 f6 27. h4
g5 28. hxg5 hxg5 29. Ke3 Bc6 30. Bf1 c3 31. bxc3 bxc3 32. Bd3 Ba4 33. Ba6 b5
34. Kd3 b4 35. Bc8 Bd1 36. Bb7 Bxf3 37. Bxd5 Bxg4 38. Bb3 Bd7 39. Kc4 g4 40.
Kd3 Bb5+ 41. Ke3 g3 0-1

[Event "Sicotte II"]
[Site "Montreal CAN"]
[Date "2005.12.07"]
[Round "7"]
[White "Kraiouchkine, Nikita"]
[Black "Ayotte, Jocelyn"]
[Result "1-0"]
[WhiteElo "1866"]
[BlackElo "2057"]
[PlyCount "107"]
[EventDate "2005.10.27"]
[EventType "tourn"]
[EventRounds "5"]
[EventCountry "CAN"]

1. e4 c6 2. d4 d5 3. exd5 cxd5 4. c4 Nf6 5. Nc3 e6 6. Nf3 Be7 7. c5 Ne4 8. Bd3
Nxc3 9. bxc3 b6 10. cxb6 Qxb6 11. Bf4 Nd7 12. Qa4 Bd6 13. Bxd6 Qxd6 14. O-O O-O
15. Rab1 e5 16. dxe5 Nxe5 17. Nxe5 Qxe5 18. Qd4 Re8 19. Bb5 Qxd4 20. cxd4 Re6
21. Rfe1 Rb8 22. Rxe6 Bxe6 23. Bd3 Rc8 24. Ba6 Re8 25. f3 g6 26. Rb7 Ra8 27.
Rc7 Rb8 28. Bb7 a5 29. Kf2 Kf8 30. a4 Ke8 31. Bc6+ Kd8 32. Ra7 Rb2+ 33. Ke3 Kc8
34. Rxa5 Rxg2 35. Rc5 Rxh2 36. Bxd5+ Kd7 37. Bc6+ Kd6 38. a5 Ra2 39. Bb7 f6 40.
a6 Bd7 41. Rc1 g5 42. Rb1 h5 43. Rb6+ Ke7 44. Bd5 Ra3+ 45. Kf2 h4 46. Bc4 f5
47. d5 g4 48. d6+ Kf6 49. Rb7 Rxf3+ 50. Ke2 Bc6 51. d7 Ke7 52. Rc7 Be4 53. Bb5
Rb3 54. Rc8 1-0

[Event "Sicotte II"]
[Site "Montreal CAN"]
[Date "2005.12.14"]
[Round "8"]
[White "Kraiouchkine, Nikita"]
[Black "Sicotte, Marc"]
[Result "0-1"]
[WhiteElo "1866"]
[BlackElo "2030"]
[PlyCount "124"]
[EventDate "2005.10.27"]
[EventType "tourn"]
[EventRounds "5"]
[EventCountry "CAN"]

1. e4 a6 2. d4 b5 3. c4 Bb7 4. Qc2 bxc4 5. Bxc4 e6 6. Nc3 f5 7. Qb3 Bxe4 8.
Nxe4 fxe4 9. d5 c6 10. Qb7 cxd5 11. Qxa8 Bb4+ 12. Kf1 dxc4 13. Qxe4 Nf6 14.
Qxc4 Nc6 15. Be3 O-O 16. Nf3 Qa5 17. Ke2 Ne7 18. a3 Bd6 19. b4 Qa4 20. Qd3 Ned5
21. Kd2 Ng4 22. h3 Ne5 23. Nxe5 Bxe5 24. Raf1 Bc3+ 25. Ke2 Qxa3 26. Rc1 Qxb4
27. Rb1 Qa4 28. Rhc1 Be5 29. Rc4 Qa2+ 30. Qc2 Qxc2+ 31. Rxc2 Nc3+ 32. Rxc3 Bxc3
33. Rb3 Bf6 34. Ra3 Ra8 35. Kd3 Kf7 36. g4 d5 37. f4 a5 38. Ra4 Bd8 39. Bd4 Rb8
40. Bc3 h6 41. f5 g6 42. Rf4 exf5 43. gxf5 g5 44. Rf2 Bf6 45. Bxa5 Rb3+ 46. Ke2
Rxh3 47. Kf1 Be5 48. f6 Rh4 49. Bd2 Bxf6 50. Ke2 Ke6 51. Rf1 h5 52. Kf2 g4 53.
Kg2 Be5 54. Bg5 Rh2+ 55. Kg1 g3 56. Re1 Kf5 57. Be3 d4 58. Bh6 d3 59. Be3 Re2
60. Rb1 Rxe3 61. Rb7 d2 62. Rf7+ Ke4 0-1

[Event "Sicotte II"]
[Site "Montreal CAN"]
[Date "2005.12.21"]
[Round "9"]
[White "Kraiouchkine, Nikita"]
[Black "Lacroix, Serge"]
[Result "1-0"]
[WhiteElo "1866"]
[BlackElo "2016"]
[PlyCount "123"]
[EventDate "2005.10.27"]
[EventType "tourn"]
[EventRounds "5"]
[EventCountry "CAN"]

1. e4 c5 2. Nf3 Nc6 3. d4 cxd4 4. Nxd4 Nf6 5. Nc3 e6 6. Bg5 Be7 7. Qd2 d6 8.
O-O-O a6 9. Be2 Qc7 10. f4 Bd7 11. Bf3 Nxd4 12. Qxd4 Bc6 13. Bxf6 gxf6 14. Bh5
Rc8 15. Rd2 b5 16. f5 e5 17. Qd3 Rg8 18. Nd5 Bxd5 19. Qxd5 Rg7 20. h4 Qc4 21.
Qb7 Qc6 22. Qa7 Ra8 23. Qe3 Qc4 24. Kb1 a5 25. Be2 Qc6 26. Rd5 Rb8 27. Qa7 Qb6
28. Bxb5+ Kf8 29. Qxb6 Rxb6 30. Bd3 Bd8 31. Rg1 Rg3 32. Be2 Re3 33. Bf3 Rc6 34.
Rgd1 Ke7 35. c3 Bb6 36. Rb5 a4 37. a3 Bc5 38. Ra5 Bxa3 39. bxa3 Rexc3 40. Rxa4
Rb6+ 41. Ka1 Rc2 42. Rb1 Rbc6 43. Rb2 Rc1+ 44. Ka2 Rh1 45. Ra8 Rc7 46. h5 Rhc1
47. Rab8 R1c3 48. R8b7 Kd7 49. Rxc7+ Kxc7 50. a4 Rc4 51. Ka3 d5 52. exd5 Rf4
53. a5 e4 54. Rb4 Rxf5 55. Bxe4 Rxh5 56. a6 Rh1 57. Kb2 Rf1 58. a7 f5 59. a8=Q
fxe4 60. Qc6+ Kd8 61. Rb8+ Ke7 62. Re8# 1-0

[Event "Quebec-ch classe U1800"]
[Site "Montreal CAN"]
[Date "2005.10.08"]
[Round "1"]
[White "Kraiouchkine, Nikita"]
[Black "Saziouk, Alexandre"]
[Result "1-0"]
[WhiteElo "1787"]
[BlackElo "1708"]
[PlyCount "71"]
[EventDate "2005.10.10"]
[EventType "swiss"]
[EventRounds "5"]
[EventCountry "CAN"]

1. e4 c5 2. c3 d5 3. exd5 Qxd5 4. d4 e6 5. Nf3 Nf6 6. Bd3 Nc6 7. O-O cxd4 8.
cxd4 Be7 9. Nc3 Qd8 10. Bf4 a6 11. Rc1 Bd7 12. Bb1 Rc8 13. Re1 Nb4 14. Ne5 O-O
15. a3 Nbd5 16. Bg5 Nxc3 17. Rxc3 Rxc3 18. bxc3 Nd5 19. Qd3 f5 20. Nxd7 Qxd7
21. Bxe7 Qxe7 22. c4 Nc7 23. Qb3 b5 24. d5 Kh8 25. dxe6 Rf6 26. cxb5 Nxb5 27.
Ba2 f4 28. Qc4 Rf8 29. Qb4 Re8 30. Rc1 g5 31. Rc5 Qf6 32. Qe1 Nxa3 33. Rf5 Qg7
34. Qd1 Nb5 35. Rf7 Qe5 36. Qb1 1-0

[Event "Quebec-ch classe U1800"]
[Site "Montreal CAN"]
[Date "2005.10.08"]
[Round "2"]
[White "Khudaverdian, Berj"]
[Black "Kraiouchkine, Nikita"]
[Result "0-1"]
[WhiteElo "1779"]
[BlackElo "1787"]
[PlyCount "90"]
[EventDate "2005.10.10"]
[EventType "swiss"]
[EventRounds "5"]
[EventCountry "CAN"]

1. d4 Nf6 2. Nf3 g6 3. g3 Bg7 4. Bg2 O-O 5. O-O d5 6. Nc3 c5 7. Bg5 Nc6 8. Bxf6
Bxf6 9. e3 cxd4 10. Nxd4 Nxd4 11. exd4 e6 12. Ne2 Qb6 13. b3 Bd7 14. c3 Bb5 15.
Re1 Rac8 16. Qd2 Rc7 17. Nf4 Bg5 18. Qe3 Qa5 19. a4 Rxc3 20. Qd2 Ba6 21. Qb2
Bxf4 22. gxf4 Qb4 23. Rab1 Rfc8 24. Qd2 Qb6 25. b4 Bd3 26. Rb2 Qxd4 27. Bf1 Qc4
28. Bxd3 Qxd3 29. Re3 Qxd2 30. Rxd2 R8c4 31. Rxc3 Rxc3 32. Rd4 a6 33. Kf1 Kg7
34. Ke2 b5 35. Kd2 Rc4 36. Kd3 Kf6 37. a5 Ke7 38. h4 Rxd4+ 39. Kxd4 Kd6 40. Kd3
f6 41. f3 h6 42. Ke3 e5 43. f5 gxf5 44. f4 d4+ 45. Kd3 Kd5 0-1

[Event "Quebec-ch classe U1800"]
[Site "Montreal CAN"]
[Date "2005.10.09"]
[Round "3"]
[White "Kraiouchkine, Nikita"]
[Black "Lopez Linares, Lizandro"]
[Result "1-0"]
[WhiteElo "1787"]
[BlackElo "1726"]
[PlyCount "47"]
[EventDate "2005.10.10"]
[EventType "swiss"]
[EventRounds "5"]
[EventCountry "CAN"]

1. e4 b6 2. d4 Bb7 3. Nc3 d6 4. Be3 Nd7 5. Qd2 e5 6. O-O-O Ngf6 7. f3 Be7 8.
Nge2 c6 9. dxe5 dxe5 10. g4 Nc5 11. Ng3 Qxd2+ 12. Rxd2 g6 13. Bc4 Bc8 14. Rhd1
Bxg4 15. fxg4 Nxg4 16. Bxc5 bxc5 17. Be2 Ne3 18. Rh1 Bg5 19. Kb1 Rb8 20. Rd6
Ke7 21. Rxc6 Rxb2+ 22. Kxb2 Rb8+ 23. Nb5 c4 24. a4 1-0

[Event "Wch-U10"]
[Site "Belfort FRA"]
[Date "2005.07.19"]
[Round "1"]
[White "Kraiouchkine, Nikita"]
[Black "Zier, Oliver"]
[Result "1-0"]
[WhiteElo "1599"]
[BlackElo "1821"]
[PlyCount "89"]
[EventDate "2005.07.19"]
[EventType "swiss"]
[EventRounds "11"]
[EventCountry "FRA"]
[Source "ChessBase"]
[SourceDate "2005.01.01"]

1. e4 c5 2. Nf3 e6 3. d4 cxd4 4. Nxd4 Nf6 5. Nc3 Nc6 6. Be3 Bb4 7. Nxc6 bxc6 8.
f3 d5 9. Bd2 dxe4 10. fxe4 Bxc3 11. Bxc3 Nxe4 12. Qxd8+ Kxd8 13. Bxg7 Rg8 14.
Be5 Rg5 15. Bf4 Rf5 16. O-O-O+ Ke7 17. Be3 Nf2 18. Bxf2 Rxf2 19. Rd2 Rxd2 20.
Kxd2 Rb8 21. Kc3 Bb7 22. Be2 c5 23. Bf3 f5 24. Rd1 Bxf3 25. gxf3 Rg8 26. Rd2 h5
27. Kc4 h4 28. Kxc5 h3 29. Kc4 Kf6 30. Kd3 Ke5 31. Ke3 f4+ 32. Kd3 Rd8+ 33. Ke2
Rg8 34. c4 Kf5 35. Kd3 e5 36. c5 Rd8+ 37. Kc3 Rc8 38. b4 e4 39. Rd5+ Ke6 40.
fxe4 Rf8 41. Rf5 Rxf5 42. exf5+ Kxf5 43. c6 Ke6 44. Kd4 Kd6 45. b5 1-0

[Event "Wch-U10"]
[Site "Belfort FRA"]
[Date "2005.07.20"]
[Round "2"]
[White "Nyizsnyik, Bence"]
[Black "Kraiouchkine, Nikita"]
[Result "0-1"]
[WhiteElo "1874"]
[BlackElo "1599"]
[PlyCount "86"]
[EventDate "2005.07.19"]
[EventType "swiss"]
[EventRounds "11"]
[EventCountry "FRA"]
[Source "ChessBase"]
[SourceDate "2005.01.01"]

1. e4 e5 2. Nf3 Nc6 3. Bb5 f5 4. Nc3 Nf6 5. d3 Bc5 6. O-O d6 7. h3 O-O 8. Be3
Bb4 9. Nd5 Nxd5 10. exd5 Ne7 11. Bc4 f4 12. Bd2 Bxd2 13. Qxd2 Nf5 14. Rfe1 Nh4
15. Qe2 Bf5 16. Rad1 Nxf3+ 17. Qxf3 Qh4 18. Kh2 h5 19. Rh1 Bg4 20. Qe4 Bxd1 21.
Rxd1 Qxf2 22. Qf3 Qxf3 23. gxf3 Rf6 24. Rg1 Kf7 25. c3 Rg6 26. Rf1 Kf6 27. Bb3
Rg3 28. h4 g5 29. Bd1 gxh4 30. Be2 Rag8 31. Rf2 c6 32. dxc6 bxc6 33. b4 d5 34.
a4 Kf5 35. Bf1 Ke6 36. Be2 Kd6 37. Bf1 Re8 38. Bg2 h3 39. Bxh3 e4 40. fxe4 dxe4
41. Rxf4 Rxd3 42. Rf6+ Kc7 43. Rf7+ Kd8 0-1

[Event "Wch-U10"]
[Site "Belfort FRA"]
[Date "2005.07.23"]
[Round "5"]
[White "Kraiouchkine, Nikita"]
[Black "Moussard, Jules"]
[Result "1-0"]
[WhiteElo "1599"]
[BlackElo "2054"]
[PlyCount "111"]
[EventDate "2005.07.19"]
[EventType "swiss"]
[EventRounds "11"]
[EventCountry "FRA"]
[Source "ChessBase"]
[SourceDate "2005.01.01"]

1. Nf3 Nf6 2. g3 g6 3. Bg2 Bg7 4. O-O d5 5. d4 O-O 6. c4 c6 7. Nc3 Nbd7 8. cxd5
cxd5 9. Bf4 a6 10. Rc1 e6 11. Na4 b5 12. Nc5 Nxc5 13. Rxc5 Ne4 14. Rc2 Bb7 15.
Qd3 Qb6 16. Rfc1 Rac8 17. Rxc8 Rxc8 18. Rxc8+ Bxc8 19. Qc2 Bb7 20. e3 f6 21.
Bc7 Qc6 22. Qxc6 Bxc6 23. Ba5 Kf7 24. Bb4 Bf8 25. Bxf8 Kxf8 26. Bf1 Ke7 27. Bd3
Kd6 28. Ne1 e5 29. Nc2 a5 30. b4 axb4 31. Nxb4 Nd2 32. Kg2 Ne4 33. Kf1 Ng5 34.
Ke2 Ne6 35. dxe5+ fxe5 36. Bc2 Nc5 37. Bb3 Bb7 38. Nd3 Nxd3 39. Kxd3 b4 40. f4
Ba6+ 41. Kd2 e4 42. g4 Bc4 43. h4 Bf1 44. Bd1 Kc5 45. Be2 Bxe2 46. Kxe2 d4 47.
exd4+ Kxd4 48. g5 e3 49. f5 Kc3 50. f6 Kb2 51. f7 Kxa2 52. f8=Q b3 53. Kxe3 b2
54. Qa8+ Kb3 55. Qd5+ Kc2 56. Qc4+ 1-0

[Event "Wch-U10"]
[Site "Belfort FRA"]
[Date "2005.07.24"]
[Round "6"]
[White "Yeap Eng Chiam"]
[Black "Kraiouchkine, Nikita"]
[Result "1-0"]
[WhiteElo "1599"]
[BlackElo "1599"]
[PlyCount "101"]
[EventDate "2005.07.19"]
[EventType "swiss"]
[EventRounds "11"]
[EventCountry "FRA"]
[Source "ChessBase"]
[SourceDate "2005.01.01"]

1. e4 e5 2. Nf3 Nc6 3. Bb5 a6 4. Bxc6 dxc6 5. O-O Bg4 6. h3 Bxf3 7. Qxf3 Qd7 8.
d3 O-O-O 9. Nc3 f6 10. a3 h5 11. b4 g5 12. Qe3 Kb8 13. Rb1 h4 14. f3 Qd4 15.
Qxd4 Rxd4 16. Be3 Rd7 17. a4 b6 18. Rb3 Ne7 19. Rfb1 Bh6 20. Bf2 Rdd8 21. b5
cxb5 22. axb5 a5 23. Na4 Kb7 24. c4 Rh7 25. c5 Nc8 26. Rc3 Bf8 27. Rbc1 Bxc5
28. Bxc5 bxc5 29. Nxc5+ Kb6 30. Ne6 Rd6 31. Nxc7 Na7 32. Nd5+ Rxd5 33. exd5 Rd7
34. Rc6+ Nxc6 35. bxc6 Rc7 36. Kf2 Rc8 37. Ke3 Kc7 38. d4 Kd6 39. Ke4 exd4 40.
Kxd4 a4 41. Ra1 Ra8 42. Re1 Ra5 43. Re6+ Kc7 44. Re7+ Kb6 45. Rb7+ Ka6 46. Rb8
a3 47. Ra8+ Kb5 48. Rxa5+ Kxa5 49. Kc3 Kb6 50. Kb3 f5 51. Kxa3 1-0